| 000 | 00641nam a2200193 a 4500 | ||
|---|---|---|---|
| 001 | 000021086 | ||
| 005 | 20200930011230.0 | ||
| 008 | 100830s1968 mx c r 000 0dspa d | ||
| 040 |
_aDO-SdBNP _bspa _cBNPHU |
||
| 082 |
_annnn _bS274p |
||
| 100 | 1 |
_aSayeg Helú, Jorge, _944098 |
|
| 245 | 1 | 0 |
_aPastor Rouaix / _cJorge Sayeg Helú. |
| 260 |
_aMéxico : _bSecretaría de Educación Pública, _c1968. |
||
| 300 |
_a62, [1] p. : _bretrs. ; _c17 cm. |
||
| 490 | 1 | _aCuadernos de lectura popular. | |
| 490 | 1 | _aEl pensamiento de la revolución. | |
| 830 | 0 |
_aCuadernos de lectura popular. _pEl pensamiento de la revolución. _944099 |
|
| 049 | _aBNGR | ||
| 999 |
_c20588 _d20588 |
||